000 00667nam a22001817a 4500
999 _c191062
_d191062
005 20220818110542.0
010 _aENG-134490
020 _a9788130934143
_c235.00
035 _aEN-118022
037 _bDBAD/PUB
082 _a153.93
100 _aCarter, Philip
245 _aTest and Assess Your Brain Quotient:
_bDiscover Your True Intelligence with Tests of Aptitude, Logic, Memory, EQ, Creative and Lateral Thinking/
_cPhilip Carter
260 _aNew Delhi
_bSource Books
_c2016
270 _a4737/23, Ansari Road, Daryaganj
_bNew Delhi
_e110002
_msourcebooks@vivagroupindia.net
300 _a229p.
_c21cm(pbk)
942 _2ddc
_cEN
_h153.93
_mCAR